Jacob: unexpected patriarch
| Main Author: | |
|---|---|
| Contributors: | |
| Format: | Print Book |
| Language: | English |
| Subito Delivery Service: | Order now. |
| Check availability: | HBZ Gateway |
| WorldCat: | WorldCat |
| Interlibrary Loan: | Interlibrary Loan for the Fachinformationsdienste (Specialized Information Services in Germany) |
| Published: |
New Haven, Conn. London
Yale University Press
2012
|
| In: | Year: 2012 |
| Series/Journal: | Jewish lives
|
| Standardized Subjects / Keyword chains: | B
Jacob
|
| IxTheo Classification: | HB Old Testament |
| Further subjects: | B
Bible. Genesis, XXXIII, 18-20
Criticism, interpretation, etc., Jewish
B Bible Genesis, XXXIII, 18-20 Criticism, interpretation, etc., Jewish B Biography B Jacob (Biblical patriarch) |
| Online Access: |
Table of Contents Blurb (Publisher) |
MARC
| LEADER | 00000cam a2200000 c 4500 | ||
|---|---|---|---|
| 001 | 719600189 | ||
| 003 | DE-627 | ||
| 005 | 20251224180923.0 | ||
| 007 | tu | ||
| 008 | 120717s2012 xxu||||| 00| ||eng c | ||
| 010 | |a 2012019478 | ||
| 016 | 7 | |a 016126467 |2 UK | |
| 020 | |a 9780300144260 |c cloth : alk. paper |9 978-0-300-14426-0 | ||
| 020 | |a 0300144261 |c (hbk.) £18.99 |9 0-300-14426-1 | ||
| 035 | |a (DE-627)719600189 | ||
| 035 | |a (DE-576)392905612 | ||
| 035 | |a (DE-599)GBV719600189 | ||
| 035 | |a (OCoLC)824655167 | ||
| 035 | |a (OCoLC)824655167 | ||
| 040 | |a DE-627 |b ger |c DE-627 |e rakwb | ||
| 041 | |a eng |h heb | ||
| 044 | |c XD-US |c XA-GB | ||
| 050 | 0 | |a BS1235.2 | |
| 082 | 0 | |a 222/.11092 |q LOC |2 23 | |
| 082 | 0 | |a 222.11092 | |
| 084 | |a 1 |2 ssgn | ||
| 084 | |a 11.38 |2 bkl | ||
| 100 | 1 | |0 (DE-588)121417859 |0 (DE-627)081293453 |0 (DE-576)165023325 |4 aut |a Zaḳovits, Yaʾir |d 1945- | |
| 109 | |a Zaḳovits, Yaʾir 1945- |a Zaqôvîṣ, Yạ̄îr 1945- |a Zakovitch, Yair 1945- |a Zakovits, Yaʾir 1945- |a ZQWBJṢ, Yair 1945- |a Zaqôvîṣ, Yaʾîr 1945- |a ZQWBYṢ, Yair 1945- | ||
| 240 | 1 | 0 | |a Ṿa-yavo Yaʿaḳov Shalem <engl.> |
| 245 | 1 | 0 | |a Jacob |b unexpected patriarch |c Yair Zakovitch |
| 264 | 1 | |a New Haven, Conn. |a London |b Yale University Press |c 2012 | |
| 300 | |a IX, 202 S. |b Ill. |c 22 cm | ||
| 336 | |a Text |b txt |2 rdacontent | ||
| 337 | |a ohne Hilfsmittel zu benutzen |b n |2 rdamedia | ||
| 338 | |a Band |b nc |2 rdacarrier | ||
| 490 | 0 | |a Jewish lives | |
| 500 | |a Includes index | ||
| 505 | 8 | |a Chap. 1. The children struggled in her womb: the fight for the birthright -- Chapt. 2. He should cheat me twice? he took my birthright and now he has taken my blessing!: Jacob the deceiver -- Chapt. 3. And behold, a stairway was set on the ground and its head reached to the sky: Jacobs dream at bethel -- Chapt. 4. It is not the practice in our place: wives and sons, a mixed blessing -- Chapt. 5. Let me go and i will go to my place and to my land: Jacobs odyssey from slavery to freedom -- Chapt. 6. For you have striven with God and with men and have prevailed: Jacob's homebound encounters -- Chapt. 7. Should our sister be treated like a whore? Jacob in Shechem -- Chapt. 8. And Isaac breathed his last and died and was gathered to his kin in ripe old age: deaths in the family Chapt. 9. And israel loved Joseph more than all his sons, for he was the son of his old age: priority of the youngest -- Chapt. 10. Gather together that I may tell you what is to befall you in the days to come: an end, a beginning. | |
| 583 | 1 | |a Archivierung/Langzeitarchivierung gewährleistet |f SSG |x XA-DE-BW |2 pdager |5 DE-21 | |
| 600 | 1 | 0 | |a Jacob |c (Biblical patriarch) |
| 601 | |a Patriarch | ||
| 630 | 2 | 0 | |a Bible |p Genesis, XXXIII, 18-20 |x Criticism, interpretation, etc., Jewish |
| 652 | |a HB |b DDCoderRVK | ||
| 653 | |a Jacob |a (Biblical patriarch) | ||
| 653 | |a Bible |a Genesis, XXXIII, 18-20 |a Criticism, interpretation, etc., Jewish | ||
| 655 | 7 | |a Biografie |0 (DE-588)4006804-3 |0 (DE-627)104213493 |0 (DE-576)208867147 |2 gnd-content | |
| 689 | 0 | 0 | |d p |0 (DE-588)118556746 |0 (DE-627)694791857 |0 (DE-576)208977074 |2 gnd |a Jakob |c Biblische Person |
| 689 | 0 | |5 (DE-627) | |
| 700 | 1 | |e Übers. |0 (DE-627)1581399502 |0 (DE-576)511399502 |4 oth |a Zakovitch, Valerie | |
| 856 | 4 | 2 | |u https://swbplus.bsz-bw.de/bsz392905612inh.htm |m B:DE-576;DE-21 |q application/pdf |v 20131007105125 |x Verlag |3 Inhaltsverzeichnis |7 1 |
| 856 | 4 | 2 | |u https://swbplus.bsz-bw.de/bsz392905612kla.htm |m B:DE-576;DE-21 |q application/pdf |v 20131007105126 |x Verlag |3 Klappentext |7 1 |
| 935 | |i Blocktest | ||
| 936 | b | k | |a 11.38 |j Altes Testament |0 (DE-627)10640427X |
| 951 | |a BO | ||
| BIB | |a 1 | ||
| ELC | |b 1 | ||
| ITA | |a 1 |t 1 | ||
| LOK | |0 000 xxxxxcx a22 zn 4500 | ||
| LOK | |0 001 3108340026 | ||
| LOK | |0 003 DE-627 | ||
| LOK | |0 004 719600189 | ||
| LOK | |0 005 20130924074509 | ||
| LOK | |0 008 130902||||||||||||||||ger||||||| | ||
| LOK | |0 040 |a DE-21 |c DE-627 |d DE-21 | ||
| LOK | |0 852 |a DE-21 | ||
| LOK | |0 852 1 |c 53 A 8023 |9 00 | ||
| LOK | |0 935 |a theo |a vord | ||
| LOK | |0 936ln |a t2.1 | ||
| LOK | |0 938 |a 1309 |f 2 | ||
| LOK | |0 939 |a 02-09-13 |b l01 | ||
| LOK | |0 000 xxxxxcx a22 zn 4500 | ||
| LOK | |0 001 3108340085 | ||
| LOK | |0 003 DE-627 | ||
| LOK | |0 004 719600189 | ||
| LOK | |0 005 20190205121816 | ||
| LOK | |0 008 180308||||||||||||||||ger||||||| | ||
| LOK | |0 040 |a DE-Tue135 |c DE-627 |d DE-Tue135 | ||
| LOK | |0 092 |o n | ||
| LOK | |0 852 |a DE-Tue135 | ||
| LOK | |0 852 1 |9 00 | ||
| LOK | |0 939 |a 08-03-18 |b l01 | ||
| ORI | |a SA-MARC-ixtheoa001.raw | ||
| SUB | |a BIB | ||
| SYG | 0 | 0 | |a Jacob,Biblische Person,Iakob,Biblische Person,Iacob,Biblische Person,Jaakob,Biblische Person,Israel,Biblische Person,Jisrael,Biblische Person,Jakob,Patriarch,Jakob,Erzvater |